Loading...
| History - World History | 2 | 2 | 0 | 0 | 50 | 57 | 83.25 | 0 | 2 |
| Fine Arts - Other Fine Arts | 0 | 4 | 2 | 0 | 30 | 73 | 101.50 | 2 | 2 |
| Literature - British Literature | 1 | 1 | 0 | 0 | 25 | 54 | 67.00 | 0 | 2 |
| Science - Physics | 1 | 1 | 0 | 0 | 25 | 40 | 60.00 | 1 | 2 |
| Religion | 1 | 1 | 1 | 0 | 20 | 53 | 78.00 | 0 | 1 |
| History - American History | 0 | 2 | 0 | 1 | 20 | 113 | 123.50 | 0 | 0 |
| Mythology | 0 | 2 | 0 | 1 | 20 | 107 | 109.00 | 0 | 0 |
| History - European History | 1 | 0 | 0 | 0 | 15 | 42 | 42.00 | 1 | 1 |
| History - Other History | 0 | 2 | 1 | 1 | 15 | 86 | 106.50 | 0 | 0 |
| Current Events | 0 | 1 | 0 | 1 | 10 | 124 | 124.00 | 0 | 0 |
| Fine Arts - Visual Fine Arts | 0 | 1 | 0 | 0 | 10 | 90 | 90.00 | 0 | 0 |
| Geography | 0 | 1 | 0 | 0 | 10 | 119 | 119.00 | 0 | 0 |
| Literature - World Literature | 0 | 1 | 0 | 0 | 10 | 95 | 95.00 | 0 | 0 |
| Other Academic | 0 | 1 | 0 | 0 | 10 | 79 | 79.00 | 0 | 1 |
| Science - Chemistry | 0 | 1 | 0 | 0 | 10 | 112 | 112.00 | 0 | 1 |
| Science - Other Science | 0 | 0 | 1 | 0 | -5 | 0.00 | 0 | 0 | |
| Fine Arts - Auditory Fine Arts | 0 | 0 | 1 | 0 | -5 | 0.00 | 0 | 0 | |
| Science - Biology | 0 | 0 | 1 | 0 | -5 | 0.00 | 0 | 0 | |
| Social Science | 0 | 0 | 2 | 0 | -10 | 0.00 | 0 | 0 |